000 00745nas a2200253 4500
001 BR9803119
003 BR-BrBNA
005 20231205100806.0
007 ta
008 230509b bl.|||p| |||| 00| 00por d
040 _aBR-BrBNA
_bpor
_cBiblioteca Nacional de Agricultura
041 _a(Pt)
072 _aJ11
100 1 _aPacheco, I.A.
100 1 _aCastro, M.F.P.P.M. de
245 1 _aUtilizacao de oleos no controle de insetos em graos armazenados
650 _aGrao
650 _aArmazenamento
650 _aInseto
650 _aOleo
773 0 _tColetanea do Instituto de Tecnologia de Alimentos (Brazil)
_xISSN 0100-350X
_g, v. 23(2) p. 138-144
_wBR9803119
909 _a202311
_bLúcia
_c55
_dLúcia Elande
942 _2AGRIS
_n0
_cANA
999 _c158109
_d158109